LEADER 01516nam a2200277 u 4500 001 000000076662 003 CaOOAMICUS 005 20070226123232.0 008 031215s1957 vc u000 u lat u 035 $a10979463 040 $aPUL(R)$bita 100 1 $aHoffmann, Heinrich L.$0(OLS)http://pul/name/27364 245 10$aDe constitutionis saravensis iuribus personae humanae fundamentalibus cum codice iuris novissimi comparatis /$cHenricus Leonardus Hoffmann .. 260 $aIn Civitate Vaticana :$bapud custodiam librariam Pont. Instituti Utriusque Iuris,$c1957. 300 $axi, 52 p. ;$c25 cm 490 1 $aPontificium Institutum Utriusque Iuris. Theses ad lauream ;$v112 500 $aIn testa al front.: Pontificium Institutum Utriusque Juris. 502 $aThesis -- Pont. Institutum Utriusque Iuris. 504 $aBibliografia in nota. 650 4$aPersona (diritto).$0(OLS)http://pul/subject/3046 830 0$aTheses ad lauream in utroque iure (Pontificia Università Lateranense) ;$v112.$0(OLS)http://pul/title/448 850 $aPUL 852 $aPUL$W1$xDP1 Tesi Pon Univ. Lateranense$y41$mTH PUL.IUS 112$j98471$nBK-PRI$b $qTesi$B98471$CPULBib$Z2$F98471 $HPUL19455 $81 941 1 $a16 996 $6245$aDe constitutionis saravensis iuribus personae humanae fundamentalibus cum codice iuris novissimi comparatis$9(OLS)http://pul/title/100527 996 $6260$aIn Civitate Vaticana :$bapud custodiam librariam Pont. Instituti Utriusque Iuris$9(OLS)http://pul/publisher/74827 LEADER 01839nam a2200325 a 4500 001 000000172875 003 CaOOAMICUS 005 20191130091753.0 008 191130s2018 it u001 u ita r 020 $a978-88-14-22753-0 032 $aLibriCat 040 $aPUL$bita 082 04$a342.450852 100 1 $aTira, Alessandro.$0(OLS)http://pul/name/101972 245 10$aAlle origini del diritto ecclesiastico italiano : $bprolusioni e manuali tra istanze politiche e tecnica giuridica (1870-1915) / $cAlessandro Tira. 260 $aMilano :$bGiuffrè,$c©2018. 300 $aXX, 394 p. ;$c24 cm. 490 1 $aUniversità degli Studi di Milano. Facoltà di Giurisprudenza. Pubblicazioni del Dipartimento di scienze giuridiche Cesare Beccaria ;$v13 504 $aBibliografia in nota. 650 4$aDiritto ecclesiastico$zItalia$ySec. XIX-XX.$0(OLS)http://pul/subject/46182 710 2 $aUniversità degli studi di Milano.$bFacoltà di Giurisprudenza.$bDipartimento di scienze giuridiche "Cesare Beccaria".$0(OLS)http://pul/name/108696 830 0$aPubblicazioni del Dipartimento di scienze giuridiche "Cesare Beccaria" (Università degli studi di Milano. Facoltà di giurisprudenza) ;$v13.$0(OLS)http://pul/title/209183 850 $aPUL 852 $aPUL$W1$xSL Diritto e Scienze Sociali 3$y79$m342. 450852 TIRAL 1$j196864$qDDC 21$B201624$CPULBib$Z2$F201624 $H133731 $82 941 1 $a9 996 $6020$a978-88-14-22753-0$9(OLS)http://pul/number/166896 996 $6082$a342.450852$9(OLS)http://pul/classification/1766 996 $6245$aAlle origini del diritto ecclesiastico italiano : $bprolusioni e manuali tra istanze politiche e tecnica giuridica (1870-1915) / $9(OLS)http://pul/title/213908 996 $6260$aMilano :$bGiuffrè$9(OLS)http://pul/publisher/48401